| Tag |
First Indicator |
Second Indicator |
Subfields |
| LEADER |
00000cam a22000001 4500 |
| 001 |
in00000154716 |
| 005 |
20151008065830.0 |
| 008 |
731212s1966 nyu 00000 eng d |
| 010 |
|
|
|a 66023865
|
| 035 |
|
|
|a (OCoLC)00292308
|
| 035 |
|
|
|9 AAS1409AM
|
| 040 |
|
|
|a DLC
|c DLC
|d TXA
|d UtOrBLW
|
| 049 |
|
|
|a TXAM
|c [917081]
|
| 050 |
0 |
0 |
|a PS3543.A557
|b A19 1966
|
| 082 |
0 |
|
|a 812.52
|
| 100 |
1 |
|
|a Van Doren, Mark,
|d 1894-1972.
|
| 245 |
1 |
0 |
|a Three plays.
|
| 250 |
|
|
|a [1st ed.].
|
| 264 |
|
1 |
|a New York :
|b Hill and Wang,
|c [1966]
|
| 300 |
|
|
|a 343 pages ;
|c 22 cm.
|
| 336 |
|
|
|a text
|b txt
|2 rdacontent
|
| 337 |
|
|
|a unmediated
|b n
|2 rdamedia
|
| 338 |
|
|
|a volume
|b nc
|2 rdacarrier
|
| 505 |
0 |
|
|a Never, never ask his name.--A little night music.--The weekend that was.
|
| 700 |
1 |
|
|a Van Doren, Mark,
|d 1894-1972.
|t Never, never ask his name.
|
| 700 |
1 |
|
|a Van Doren, Mark,
|d 1894-1972.
|t Little night music.
|
| 700 |
1 |
|
|a Van Doren, Mark,
|d 1894-1972.
|t Weekend that was.
|
| 740 |
0 |
|
|a Never, never ask his name.
|
| 740 |
2 |
|
|a A little night music.
|
| 740 |
4 |
|
|a The weekend that was.
|
| 999 |
|
|
|a MARS
|
| 999 |
f |
f |
|s c44b01ee-3dc5-3ba2-afd1-caecfa5df091
|i 1a1400f3-4a20-39ea-9dd0-10b02dff6830
|t 0
|
| 952 |
f |
f |
|p ric
|a Texas A&M University
|b Rellis Campus
|c Joint Library Facility
|d Remote Storage
|t 0
|e PS3543.A557 A19 1966
|h Library of Congress classification
|i unmediated -- volume
|m A14804113014
|
| 998 |
f |
f |
|a PS3543.A557 A19 1966
|t 0
|l Remote Storage
|